Southville International School and Colleges
Your cart is empty.
  • Cart
  • Lists
    Public lists Eva Luna New books Lux_list list_1
    Your lists Log in to create your own lists
  • Log in to your account
  • Your cookies
  • Search history
Southville International School and Colleges
  • Advanced search
  • Recent comments
  • Most popular
  • Libraries

Log in to your account

Log in with GOOGLE


If you do not have an external account, but do have a local account, you can still log in:

  1. Home
  2. MARC view: A child's book of stories from many lands /
Normal view MARC view ISBD view

A child's book of stories from many lands / (Record no. 12366)

[ view plain ]
MARC details
000 -LEADER
fixed length control field 00545nam a22001697a 4500
003 - CONTROL NUMBER IDENTIFIER
control field OSt
005 - DATE AND TIME OF LATEST TRANSACTION
control field 20140310182351.0
008 - FIXED-LENGTH DATA ELEMENTS--GENERAL INFORMATION
fixed length control field 130930t xxu||||| |||| 00| 0 eng d
020 ## - INTERNATIONAL STANDARD BOOK NUMBER
International Standard Book Number 051767128
050 ## - LIBRARY OF CONGRESS CALL NUMBER
Classification number PZ 5
Item number .C44 1988
082 ## - DEWEY DECIMAL CLASSIFICATION NUMBER
Classification number GS 808.83
Item number S54 1988
245 ## - TITLE STATEMENT
Title A child's book of stories from many lands /
Statement of responsibility, etc compiled by Ada M. Skinner and Eleanor L. Skinner ; with pictures by Jessie Willcox Smith.
260 ## - PUBLICATION, DISTRIBUTION, ETC. (IMPRINT)
Place of publication, distribution, etc New York :
Name of publisher, distributor, etc Children's Classics,
Date of publication, distribution, etc 1988.
300 ## - PHYSICAL DESCRIPTION
Extent 208 p. :
Dimensions 24 cm.
942 ## - ADDED ENTRY ELEMENTS (KOHA)
Source of classification or shelving scheme Library of Congress Classification
Koha item type
Holdings
Withdrawn status Lost status Source of classification or shelving scheme Damaged status Home library Current library Shelving location Date acquired Total Checkouts Full call number Barcode Date last seen Copy number Price effective from Koha item type
    Library of Congress Classification   Luxembourg Library Luxembourg Library Grade School Section 09/30/2013   PZ 5 .C44 1988 7200 09/08/2016 1 09/30/2013 Books

A child's book of stories from many lands /

APA

(1988). A child's book of stories from many lands. New York: Children's Classics.

Chicago

1988. A child's book of stories from many lands. New York: Children's Classics.

Harvard

(1988). A child's book of stories from many lands. New York: Children's Classics.

MLA

A child's book of stories from many lands. New York: Children's Classics. 1988.

  • Place hold
  • Print
  • Cite
  • Add to your cart (remove)
  • Save record
    BIBTEX Dublin Core MARCXML MARC (non-Unicode/MARC-8) MARC (Unicode/UTF-8) MARC (Unicode/UTF-8, Standard) MODS (XML) RIS
  • More searches
    Search for this title in:
    Other Libraries (WorldCat) Other Databases (Google Scholar) Online Stores (Bookfinder.com) Open Library (openlibrary.org)

Exporting to Dublin Core...

SOUTHVILLE LIBRARY

Southville International School and Colleges Library

1281 Tropical Ave. Cor. Luxembourg St., BF Homes International, Las Pinas City

Tel. No. 8256374 / 252358 Loc. 117/146

Powered by Koha